Genetics : (Record no. 4360)

MARC details
000 -LEADER
fixed length control field 00611cam a22002052 4500
001 - CONTROL NUMBER
control field 0000023313
005 - DATE AND TIME OF LATEST TRANSACTION
control field 20151217145940.0
008 - FIXED-LENGTH DATA ELEMENTS--GENERAL INFORMATION
fixed length control field 121109s xx 000 0 eng d
020 ## - INTERNATIONAL STANDARD BOOK NUMBER
International Standard Book Number 0071221924 :
040 ## - CATALOGING SOURCE
Original cataloging agency KABU
Transcribing agency KABU
050 #0 - LIBRARY OF CONGRESS CALL NUMBER
Classification number QH430
Item number .G46 2011
245 10 - TITLE STATEMENT
Title Genetics :
Remainder of title from genes to genomes /
Statement of responsibility, etc. Leland Hartwell ... [et al]
260 ## - PUBLICATION, DISTRIBUTION, ETC. (IMPRINT)
Place of publication, distribution, etc. New York :
Name of publisher, distributor, etc. McGraw-Hill,
Date of publication, distribution, etc. 2011.
300 ## - PHYSICAL DESCRIPTION
Extent 1 v. (various pagings)
650 #0 - SUBJECT ADDED ENTRY--TOPICAL TERM
Topical term or geographic name as entry element Genetics.
-- 0000155274
700 1# - ADDED ENTRY--PERSONAL NAME
Personal name Hartwell, Leland.
-- 0000155275
852 1# - LOCATION
-- p3604 KES
908 ## - PUT COMMAND PARAMETER (RLIN)
Put command parameter 121109
950 ## - LOCAL HOLDINGS (RLIN)
-- 1
Holdings
Withdrawn status Lost status Source of classification or shelving scheme Not for loan Home library Current library Date acquired Total Checkouts Total Renewals Full call number Barcode Date last seen Date last checked out Price effective from Koha item type
    Library of Congress Classification   Kabarak, Main Campus Kabarak, Main Campus 17/12/2015 10 1 QH430 .G46 2011 c. 1 013814 03/06/2022 30/05/2022 17/12/2015 General Collection
Designed with assistance from East African Informatics Ltd